000 00969nam a22003497a 4500
001 BR8800885
003 BR-BrBNA
005 20230928092838.0
007 ta
008 230509b bl.||||| |||| 00| 0 por d
040 _aBR-BrBNA
_bpor
_cBiblioteca Nacional de Agricultura
041 _a(Por)
072 _aE21; Q01
090 _ E21 BR8800885
110 1 _aDepartamento de Assistencia a Media e Pequena Industria, Rio de Janeiro, RJ (Brasil)
_93148
245 1 _aDocumentacao tecnologica
246 1 _a[Technological documentation]
260 3 _aRio de Janeiro, RJ (Brasil):
_c1978.
300 _a101 p.
650 _aTECNOLOGIA AGRICOLA
650 _aINDUSTRIALIZACAO
650 _aCELULOSE
650 _aPAPEL
650 _aCOURO
650 _aCURTUME
650 _aMADEIRA
650 _aFABRICACAO DE MOVEIS
650 _aTECNOLOGIA INDUSTRIAL
650 _aTECNOLOGIA DE ALIMENTO
909 _a202309
_bLucia
_c55
_dLucia Elande
942 _cBK
999 _c41535
_d41535